Developments in hydraulic engineering-3 (Record no. 12082)

000 -LEADER
fixed length control field 00543nam a22002057a 4500
001 - CONTROL NUMBER
control field 12082
003 - CONTROL NUMBER IDENTIFIER
control field BD-DhUET
008 - FIXED-LENGTH DATA ELEMENTS--GENERAL INFORMATION
fixed length control field 150223s1985 enka|||| |||| 001 0 eng d
040 ## - CATALOGING SOURCE
Transcribing agency 0
Modifying agency BD-DhUET
082 ## - DEWEY DECIMAL CLASSIFICATION NUMBER
Classification number 627.09
Item number NOV/1985
100 ## - MAIN ENTRY--PERSONAL NAME
Personal name Novak P.
245 ## - TITLE STATEMENT
Title Developments in hydraulic engineering-3
250 ## - EDITION STATEMENT
Edition statement 1st ed.
260 ## - PUBLICATION, DISTRIBUTION, ETC. (IMPRINT)
Place of publication, distribution, etc. London
Name of publisher, distributor, etc. Elsevier Applied Science Publishers
Date of publication, distribution, etc. 1985
300 ## - PHYSICAL DESCRIPTION
Extent x, 318 p.
Other physical details ill.
490 ## - SERIES STATEMENT
Series statement Development series
504 ## - BIBLIOGRAPHY, ETC. NOTE
Bibliography, etc Includes bibliographies
650 #0 - SUBJECT ADDED ENTRY--TOPICAL TERM
Topical term or geographic name as entry element Hydraulic engineering
942 ## - ADDED ENTRY ELEMENTS (KOHA)
Koha item type Edited Book
Holdings
Source of classification or shelving scheme Lost status Copy number Koha normalized classification for sorting Piece designation (barcode) Date acquired Koha date last seen Not for loan Location (home branch) Price effective from Koha full call number Shelving location Sublocation or collection (holding branch) Koha item type Withdrawn status Damaged status
  1627_090000000000000_NOV_1985677252015-02-232015-02-23 Central Library, BUET2015-02-23627.09/NOV/1985Circulation sectionCentral Library, BUETEdited Book  
  2627_090000000000000_NOV_1985677242015-02-232015-02-23 Central Library, BUET2015-02-23627.09/NOV/1985Circulation sectionCentral Library, BUETEdited Book